Scarlet Witch - Statistics

General Stats
  • This quiz has been taken 93 times
  • The average score is 9 of 10
Answer Stats
Question Answer % Correct
Who is Wanda’s twin brother? Pietro
100%
What are the names of Wanda's twin sons? Tommy and Billy
100%
Who is Wanda’s husband? Vision
100%
What Is The Scarlet Witches Real Name Wanda
100%
Which town did Wanda turn into a sitcom? West View, New Jersey
97%
Which witch tried to take away Wanda's powers, but was unsuccessful? In turn, Wanda took away his/her powers instead. Agatha Harkness
94%
Which side did Wanda take in Civil War? Captain America
94%
Which country is Wanda originally from? Sakovia
94%
What is Wanda's brother's power? Speed
94%
Which infinity stone did Wanda destroy? Mind
72%
No matching quizzes found
Score Distribution
Percent of People with Each Score
Percentile by Number Answered
Your Score History
You have not taken this quiz